[Event "Grande Prairie Trumpeter op"]
[Site "Grande Prairie"]
[Date "2008.01.26"]
[Round "1"]
[White "Campbell, Dale"]
[Black "Pradzinski, Tim"]
[Result "0-1"]
[WhiteElo "1322"]
[BlackElo "1857"]
[PlyCount "78"]
[EventDate "2008.01.26"]
[EventType "swiss"]
[EventRounds "5"]
[EventCountry "CAN"]
[SourceTitle "EXT 2011"]
[Source "ChessBase"]
[SourceDate "2010.11.26"]
[SourceVersion "1"]
[SourceVersionDate "2010.11.26"]
[SourceQuality "1"]

1. e4 c5 2. Bc4 Nc6 3. Qh5 e6 4. Nf3 Nf6 5. Qh4 Be7 6. d3 d5 7. Bb3 b5 8. e5 Nd7 9. Qh5 g6 10. Qh6 Bf8 11. Qf4 c4 12. Ng5 Qe7 13. dxc4 dxc4 14. Bxc4 bxc4 15. Qxc4 Qb4+ 16. Nd2 Qxc4 17. Nxc4 Ncxe5 18. Na5 Bb4+ 19. Bd2 Bxd2+ 20. Kxd2 0-0 21. f4 Ng4 22. Nc6 Nb6 23. h3 Nf6 24. Rae1 Bb7 25. Ne7+ Kg7 26. f5 gxf5 27. Rhf1 Ne4+ 28. Nxe4 Bxe4 29. g4 Kf6 30. gxf5 Bxf5 31. Nc6 Rac8 32. Nd4 Rfd8 33. Ke3 Nc4+ 34. Kf4 Rxd4+ 35. Kg3 Rg8+ 36. Kh2 Rd2+ 37. Kh1 Rgg2 38. Rxf5+ exf5 39. Rf1 Rh2+ 0-1